Artforum/ (Record no. 3846)

MARC details
000 -LEADER
campo de control de longitud fija 01526nam a22003617a 4500
003 - IDENTIFICADOR DE NÚMERO DE CONTROL
campo de control OSt
005 - FECHA Y HORA DE LA ÚLTIMA TRANSACCIÓN
campo de control 20230616083255.0
008 - DATOS DE LONGITUD FIJA--INFORMACIÓN GENERAL
campo de control de longitud fija 221006b |||||||| |||| 00| 0 eng d
040 ## - FUENTE DE CATALOGACIÓN
Centro/agencia transcriptor Biblioteca Lado V
082 ## - NÚMERO DE LA CLASIFICACIÓN DECIMAL DEWEY
Número de clasificación 709.05
Número de ítem G851a
100 ## - ENTRADA PRINCIPAL--NOMBRE DE PERSONA
9 (RLIN) 855
Nombre de persona Griffin, Tim
Término indicativo de función/relación editor
245 ## - MENCIÓN DEL TÍTULO
Título Artforum/
Resto del título Internacional/
260 ## - PUBLICACIÓN, DISTRIBUCIÓN, ETC.
Lugar de publicación, distribución, etc. New York
Fecha de publicación, distribución, etc. 2004
Nombre del editor, distribuidor, etc. New York editorial and business offices
300 ## - DESCRIPCIÓN FÍSICA
Dimensiones 26.5x27cm
Extensión 316p.
366 ## - INFORMACIÓN SOBRE DISPONIBILIDAD COMERCIAL
Nota eng
490 ## - MENCIÓN DE SERIE
Mención de serie Octubre
Designación de volumen o secuencia 2004
Número Internacional Normalizado para Publicaciones Seriadas 0864-1315
505 ## - NOTA DE CONTENIDO CON FORMATO
Título Letters
505 ## - NOTA DE CONTENIDO CON FORMATO
Título BACK TO TOMORROW
505 ## - NOTA DE CONTENIDO CON FORMATO
Título POPISMS
505 ## - NOTA DE CONTENIDO CON FORMATO
Título MY WARHOL
505 ## - NOTA DE CONTENIDO CON FORMATO
Título POP AFTER POP
Nota de contenido con formato A Roundtable<br/><br/>Screen Test: Jeff Koons's Olive Oyl
505 ## - NOTA DE CONTENIDO CON FORMATO
Título MY POP
505 ## - NOTA DE CONTENIDO CON FORMATO
Título THIS IS TODAY
Nota de contenido con formato Sampling the Globe<br/><br/>Pop Life: Los super Elegantes<br/><br/>Performing the System<br/><br/>Performing the Self: Martin Kippenberger<br/><br/>TV, or Not TV: Alex Bag<br/><br/>Subject to Revision<br/><br/>What's Not to like?: Mike Kelley<br/><br/>Black to Front: Robert Colescott<br/><br/>Image Building
650 ## - PUNTO DE ACCESO ADICIONAL DE MATERIA--TÉRMINO DE MATERIA
Fuente del encabezamiento o término Tesauro de Arte & Arquitectura
Término de materia o nombre geográfico como elemento de entrada ARTE COMTEMPORANEO
9 (RLIN) 703
650 ## - PUNTO DE ACCESO ADICIONAL DE MATERIA--TÉRMINO DE MATERIA
Fuente del encabezamiento o término Tesauro de Arte & Arquitectura
Término de materia o nombre geográfico como elemento de entrada FOTOGRAFIA
9 (RLIN) 702
650 ## - PUNTO DE ACCESO ADICIONAL DE MATERIA--TÉRMINO DE MATERIA
Fuente del encabezamiento o término Tesauro de Arte & Arquitectura
Término de materia o nombre geográfico como elemento de entrada ARTE VISUAL
9 (RLIN) 702
650 ## - PUNTO DE ACCESO ADICIONAL DE MATERIA--TÉRMINO DE MATERIA
Fuente del encabezamiento o término Tesauro de Arte & Arquitectura
Término de materia o nombre geográfico como elemento de entrada LIBROS
650 ## - PUNTO DE ACCESO ADICIONAL DE MATERIA--TÉRMINO DE MATERIA
Fuente del encabezamiento o término Tesauro de Arte & Arquitectura
Término de materia o nombre geográfico como elemento de entrada NOTICIAS
650 ## - PUNTO DE ACCESO ADICIONAL DE MATERIA--TÉRMINO DE MATERIA
Fuente del encabezamiento o término Tesauro de Arte & Arquitectura
Término de materia o nombre geográfico como elemento de entrada ARTE INTERNACIONAL
650 ## - PUNTO DE ACCESO ADICIONAL DE MATERIA--TÉRMINO DE MATERIA
Fuente del encabezamiento o término Tesauro de Arte & Arquitectura
Término de materia o nombre geográfico como elemento de entrada ESCULTURA
700 ## - ENTRADA AGREGADA--NOMBRE PERSONAL
Nombre de persona Navarreta, Jose Antonio
Término indicativo de función/relación editor
942 ## - ELEMENTOS DE ENTRADA SECUNDARIOS (KOHA)
Fuente del sistema de clasificación o colocación Clasificación Decimal Dewey
Tipo de ítem Koha Libros
Parte de la signatura que corresponde a la clasificación (Parte de la clasificación) 709.05
Parte de la signatura que identifica el ejemplar (Parte del ítem) G851a
Suprimir en OPAC No
Holdings
Estatus retirado Estado de pérdida Fuente del sistema de clasificación o colocación Especificación de materiales (volumen encuadernado u otra parte) Estado de daño No para préstamo Colección Biblioteca de origen Biblioteca actual Fecha de adquisición Enumeración/cronología de publicación seriada Número de inventario Total de préstamos Signatura topográfica completa Código de barras Visto por última vez Precio de reemplazo Tipo de ítem Koha
    Clasificación Decimal Dewey 2004     Revistas Biblioteca LadoV Biblioteca LadoV 16/06/2023 Octubre 002538   709.05 G851a 002538 16/06/2023 16/06/2023 Libros